| 000 | 01126nam a2200301 i 4500 | ||
|---|---|---|---|
| 001 | bg | ||
| 100 | 1 |
_aWINKLER, Wilibald _d(1933- ) |
|
| 245 | 1 | 0 |
_aAutomatyka zabezpieczeniowa w systemach elektroenergetycznych / _cWilibald Winkler, Andrzej Wiszniewski. |
| 250 | _aWyd.2 zm. | ||
| 260 |
_aWarszawa : _bWydawnictwa Naukowo-Techniczne, _c2004. |
||
| 300 |
_a452, [2] s. : _brys., wykr. ; _c25 cm. |
||
| 500 | _aStreszcz. ang. | ||
| 504 | _aBibliogr. | ||
| 521 | _aDla inżynierów elektryków oraz studentów wydz. elektrycznych wyższych szkół technicznych. | ||
| 650 | 9 | _aAutomatyka | |
| 650 | 9 |
_aElektroenergetyka _xurządzenia _xautomatyzacja |
|
| 650 | 9 |
_aZabezpieczenia (elektrotechn.) _xautomatyzacja |
|
| 655 | _aPodręczniki akademickie | ||
| 700 | 1 |
_aWISZNIEWSKI, Andrzej _d(1935- ) |
|
| 020 | _a8320430097 | ||
| 040 | _cBPK | ||
| 041 | 0 |
_apol _beng |
|
| 080 | _a621.31-52(075.8) | ||
| 920 | _a83-204-3009-7 | ||
| 942 | _cKS | ||
| 008 | s pl f |000 0 pol | ||
| 999 |
_c45059 _d45059 |
||
| 856 |
_uhttp://koha.tu.koszalin.pl/cgi-bin/koha/opac-detail.pl?biblionumber=45059 _yKatalog online BPK |
||